Morfología Derivativa Nominal en el Español de México /

Esta investigación tiene como corpus datos obtenidos de la lengua hablada, y está dentro del marco de un estudio coordinado de la norma lingüística culta de la ciudad de México.

Guardado en:
Detalles Bibliográficos
Autor principal: Moreno de Alba, José G. (autor)
Formato: Libro
Idioma:Español
Colección:(Centro de Lingüística Hispánica ; 21)
Temas:
Etiquetas: Agrega una etiqueta
Sin etiquetas, Sé el primero en etiquetar este registro!

MARC

LEADER 00000nam^a2200000^a^4500
001 000035571
005 20250521000000.0
009 20260310085316.978
020 |a 968-837-948-4 
037 |a Acervo ITESO - Biblioteca 
041 |a ESP 
082 |a 461. 9  |b MOR 
100 |a Moreno de Alba, José G.  |e (autor) 
245 1 0 |a Morfología Derivativa Nominal en el Español de México /  |c J. G. Moreno de Alba. 
264 |a México :  |b UNAM,  |c 1986 
300 |a 211 p. 
336 |a texto  |b txt  |2 rdacontenido 
337 |a sin mediación  |b n  |2 rdamedio 
338 |a volumen  |b nc  |2 rdasoporte 
440 1 |a (Centro de Lingüística Hispánica ;  |v 21) 
520 |a Esta investigación tiene como corpus datos obtenidos de la lengua hablada, y está dentro del marco de un estudio coordinado de la norma lingüística culta de la ciudad de México. 
649 |a XX 
650 |a Español 
650 |a Español en México 
910 |a Fondo General 
920 |a Impresos - Libros 
930 |a Colección General 
905 |a 101 
901 |a 0355710100  |b IT1  |c ACC  |i 035571  |u 20250521 
902 |a https://opac.biblio.iteso.mx/vufind/Record/000035571